Presidents of South Korea - Statistics

General Stats
  • This quiz has been taken 13 times
  • The average score is 6 of 12
Answer Stats
Hint Answer % Correct
1963-1980 Park Chung-Hee
92%
2017-2022 Moon Jae-In
85%
2022-Present Yoon Suk-Yeol
69%
2013-2017 Park Geun-Hye
62%
1993-1998 Kim Young-Sam
38%
2008-2013 Lee Myung-Bak
38%
2003-2008 Roh Moo-Hyun
38%
1948-1960 Syngman Rhee
38%
1998-2003 Kim Dae-Jung
31%
1988-1993 Roh Tae-Woo
31%
1980-1988 Chun Doo-Hwan
23%
1960-1962 Yun Po-Sun
15%
No matching quizzes found
Score Distribution
Percent of People with Each Score
Percentile by Number Answered
Your Score History
You have not taken this quiz